000 00557nam a2200217Ia 4500
005 20241129120239.0
008 241129s9999||||xx |||||||||||||| ||und||
020 _a9788171195831
037 _aTB
040 _aSDCL
_beng
_cSDCL
041 _ahin
_2hin
084 _aO152,3NS, Q9
_qSDCL
100 _aSanjeev
245 0 _aJungle Jahan Shuru Hota Hai
260 _aDelhi
_bRadhakrishna Prakashan India
_c2019
300 _a286p.
365 _aINR
_b695
650 _aHindi
942 _cTB
_hO152,3NS, Q9
999 _c1233994
_d1233994